[Event "desafio2"]
[Site "http://www.queenalice.com/game.php?id=289274"]
[Date "2007.10.19"]
[Round "-"]
[White "Rafazildu"]
[Black "Little_Link"]
[Result "1-0"]
[WhiteElo "1545"]
[BlackElo "1246"]

1. e4 e5 2. Nf3 d6 3. Bb5+ Nc6 4. Bxc6+ bxc6 5. O-O Qf6 6. c3 Qf4 7. d3 Qg4 8.
Qa4 Ne7 9. Qa5 Rb8 10. Qxc7 Rb7 11. Qxd6 Qg6 12. Qxe5 f6 13. Qa5 Rb5 14. Qxa7
Rb7 15. Qc5 Bh3 16. Nh4 Qg4 17. Kh1 Qxh4 18. Rg1 Qxf2 19. Qxf2 Ng6 20. Qg3 Bc8
21. a4 Bd6 22. Qxd6 Rd7 23. Qxc6 Ne5 24. Qxc8+ Rd8 25. Qe6+ Kf8 26. Bh6 Re8 27.
Qd6+ Kf7 28. Qc7+ Re7 29. Qd6 gxh6 30. Rf1 Rf8 31. Qxf6+ Ke8 32. Qxf8+ Kd7 33.
Nd2 Re8 34. Qxh6 Re7 35. Qf6 Nc6 36. Rf5 Nd8 37. Rd5+ Kc8 38. Qxe7 Nc6 39. Qd6
1-0

[Event "ihuuu"]
[Site "http://www.queenalice.com/game.php?id=290339"]
[Date "2007.10.21"]
[Round "-"]
[White "kyuss"]
[Black "Rafazildu"]
[Result "1-0"]
[WhiteElo "1515"]
[BlackElo "1344"]

1. e4 e5 2. Nf3 Nf6 3. Nxe5 Nxe4 4. Qe2 d6 5. Nxf7 Kxf7 6. Qxe4 Kg8 7. Nc3 c6 8.
Bc4+ d5 9. Nxd5 Qg5 10. Nb6+ Be6 11. Qxe6# 1-0

[Event "geronimooo"]
[Site "http://www.queenalice.com/game.php?id=292791"]
[Date "2007.10.25"]
[Round "-"]
[White "Rafazildu"]
[Black "kyuss"]
[Result "0-1"]
[WhiteElo "1567"]
[BlackElo "1656"]

1. e4 e5 2. d4 d6 3. Nf3 Bg4 4. Bb5+ c6 5. Bg5 Qa5+ 6. Nc3 cxb5 7. dxe5 dxe5 8.
Qd3 Nf6 9. Nxe5 b4 10. Nb5 Be6 11. O-O Be7 12. Be3 O-O 13. Bf4 Rd8 14. Qe2 a6
15. c4 axb5 16. cxb5 Qc7 17. Rac1 Qd6 18. Rfd1 Qb6 19. Re1 Rxa2 20. Rb1 Nbd7 21.
Qe3 Qxe3 22. Rxe3 Nxe5 23. Bxe5 Ng4 24. Bc7 Rxb2 25. Rxb2 Rd1+ 26. Re1 Rxe1# 0-1

[Event "AUTO-OPEN-879"]
[Site "http://www.queenalice.com/game.php?id=293096"]
[Date "2007.10.26"]
[Round "1"]
[White "alexsoncini"]
[Black "Rafazildu"]
[Result "1-0"]
[WhiteElo "1968"]
[BlackElo "1495"]

1. d4 d5 2. e3 e6 3. Bd3 Nf6 4. Nd2 g6 5. f4 Bg7 6. Ngf3 O-O 7. Ne5 Nc6 8. Nxc6
bxc6 9. O-O a6 10. c3 a5 11. Qe2 Qe7 12. e4 dxe4 13. Nxe4 Nxe4 14. Qxe4 Qd6 15.
Qf3 Ba6 16. Bxa6 Rxa6 17. Be3 a4 18. g4 f5 19. g5 a3 20. b3 Ra5 21. Kg2 c5 22.
dxc5 Qd3 23. Bd4 Qxf3+ 24. Kxf3 Bxd4 25. cxd4 e5 26. fxe5 c6 27. Kf4 Rb5 28.
Rac1 Rb4 29. e6 Rxd4+ 30. Kg3 Re8 31. Rce1 Rg4+ 32. Kf3 Rxg5 33. e7 h5 34. Re6
Rg4 35. Rd1 Kf7 36. Rdd6 Rxe7 37. Rxe7+ Kxe7 38. Rxc6 Kd7 39. Ra6 Kc7 40. Rxa3
Re4 41. Ra6 g5 42. Rh6 1-0

[Event "AUTO-OPEN-879"]
[Site "http://www.queenalice.com/game.php?id=293097"]
[Date "2007.10.26"]
[Round "1"]
[White "Rafazildu"]
[Black "alexsoncini"]
[Result "0-1"]
[WhiteElo "1535"]
[BlackElo "2007"]

1. e4 e5 2. d4 Nc6 3. Nf3 exd4 4. Nxd4 Nxd4 5. Qxd4 Qf6 6. Qc4 Qc6 7. Qd3 Nf6 8.
Nc3 Bb4 9. a3 Bxc3+ 10. bxc3 Qxe4+ 11. Qxe4+ Nxe4 12. Bd3 d5 13. O-O O-O 14. f3
Nxc3 15. Bd2 Na4 16. Rae1 Be6 17. Bb4 c5 18. Bd2 c4 19. Be4 dxe4 20. Bb4 Rfd8
21. Rxe4 a5 22. Be7 Rd7 23. Bh4 Rd2 24. c3 Nxc3 25. Re3 Ne2+ 26. Kf2 Nf4+ 27.
Ke1 Rxg2 28. Rf2 Rxf2 29. Kxf2 h6 30. Bg3 Nd5 31. Re5 b5 32. Re4 c3 33. Re2 b4
34. axb4 axb4 35. Be5 b3 36. Re1 Ra2+ 37. Kg3 b2 0-1

[Event "AUTO-OPEN-879"]
[Site "http://www.queenalice.com/game.php?id=293120"]
[Date "2007.10.26"]
[Round "1"]
[White "The_Undertaker"]
[Black "Rafazildu"]
[Result "0-1"]
[WhiteElo "1457"]
[BlackElo "1535"]

1. e4 e5 2. Nf3 d6 3. Nc3 Nc6 4. Bb5 Ne7 5. O-O g6 6. Ng5 Bh6 7. d3 a6 8. Ba4
O-O 9. Nxf7 Rxf7 10. Bxh6 Nd4 11. Be3 c5 0-1

[Event "AUTO-OPEN-879"]
[Site "http://www.queenalice.com/game.php?id=293121"]
[Date "2007.10.26"]
[Round "1"]
[White "Rafazildu"]
[Black "The_Undertaker"]
[Result "1-0"]
[WhiteElo "1549"]
[BlackElo "1457"]

1. e4 e5 2. c3 Nf6 3. Nf3 Bc5 4. Bc4 Nc6 5. b4 Bb6 6. O-O O-O 7. Ng5 d6 8. d3
Bg4 9. Qb3 Qe7 10. Nd2 Nh5 11. Ndf3 1-0

[Event "AUTO-OPEN-879"]
[Site "http://www.queenalice.com/game.php?id=293136"]
[Date "2007.10.26"]
[Round "1"]
[White "Rafazildu"]
[Black "emiliano"]
[Result "1-0"]
[WhiteElo "1533"]
[BlackElo "1772"]

1. e4 e5 2. Nf3 Nc6 3. g3 Nf6 4. Bg2 Nxe4 5. O-O d6 6. d3 Nf6 7. c3 Bg4 8. Qb3
Bxf3 9. Bxf3 Rb8 10. Bg5 h6 11. Be3 d5 12. Nd2 d4 13. cxd4 exd4 14. Bf4 g5 15.
Rae1+ Be7 16. Be5 O-O 17. Bxf6 Bxf6 18. Ne4 Ne5 19. Bh5 Bg7 20. f4 c5 21. fxe5
b6 22. Bxf7+ Rxf7 23. Rxf7 Kh8 24. Ref1 Bxe5 25. Rf8+ Qxf8 26. Rxf8+ Rxf8 27.
Qe6 Bg7 28. Nd6 Bf6 29. Ne8 1-0

[Event "AUTO-OPEN-879"]
[Site "http://www.queenalice.com/game.php?id=293137"]
[Date "2007.10.26"]
[Round "1"]
[White "emiliano"]
[Black "Rafazildu"]
[Result "1-0"]
[WhiteElo "1742"]
[BlackElo "1501"]

1. e4 e5 2. Nf3 Nc6 3. Bb5 d6 4. d4 Bd7 5. c4 exd4 6. Nxd4 Nxd4 7. Bxd7+ Qxd7 8.
Qxd4 Qg4 9. O-O Be7 10. Nc3 Nf6 11. Be3 O-O 12. e5 Qxd4 13. Bxd4 dxe5 14. Bxe5
Nd7 15. Bxc7 Rac8 16. Nd5 Bc5 17. Rfe1 h6 18. b3 Rce8 19. b4 Bd4 20. Rad1 Be5
21. Bxe5 Nxe5 22. c5 Nc4 23. a4 Nb2 24. Rxe8 Rxe8 25. Rb1 Nxa4 26. h3 Re5 27.
Ne3 Nc3 28. Rb3 Ne2+ 29. Kf1 Nd4 30. Rb2 g5 31. Nc4 Re4 32. f3 Re6 33. Kf2 Nb5
34. g4 f6 35. Rd2 Nc3 36. Rd7 Re2+ 37. Kg1 b5 38. Na5 Re8 39. Rxa7 Nd5 40. Nc6
Re6 41. Nd4 Rd6 42. Nxb5 Re6 43. Nd4 Re1+ 44. Kf2 Re3 45. b5 Rd3 46. Nf5 Rd2+
47. Ke1 Rc2 48. c6 Kf8 49. Nxh6 Rc1+ 50. Kd2 Rh1 51. c7 Nxc7 52. Rxc7 Rxh3 53.
b6 Rh2+ 54. Kc3 Re2 55. b7 1-0

[Event "AUTO-INT-664"]
[Site "http://www.queenalice.com/game.php?id=293360"]
[Date "2007.10.26"]
[Round "1"]
[White "Rafazildu"]
[Black "debia"]
[Result "1-0"]
[WhiteElo "1535"]
[BlackElo "1553"]

1. e4 e5 2. Nf3 Qf6 3. Bc4 Bc5 4. O-O h6 5. d3 d6 6. c3 Bg4 7. Nbd2 Ne7 8. Qb3
O-O 9. Qxb7 Nbc6 10. b4 Rab8 11. Qa6 Rb6 12. Qa4 Bxf2+ 13. Rxf2 Ng6 14. b5 Nce7
15. Qxa7 Nf4 16. Qxc7 Rbb8 17. a4 Rfc8 18. Qa7 Qg6 19. Qxe7 Rf8 20. a5 Bh3 21.
g3 h5 22. Nh4 Qg4 23. Ndf3 Rbd8 24. d4 Rd7 25. Qg5 Ne2+ 26. Rxe2 Qxg5 27. Nxg5
Bg4 28. Rf2 Re7 29. Nxf7 exd4 30. cxd4 Rxe4 31. Nxd6+ Kh7 32. Nxe4 1-0

[Event "AUTO-INT-664"]
[Site "http://www.queenalice.com/game.php?id=293371"]
[Date "2007.10.26"]
[Round "1"]
[White "CowboyNoel"]
[Black "Rafazildu"]
[Result "1-0"]
[WhiteElo "1529"]
[BlackElo "1559"]

1. e4 e5 2. Nc3 Qf6 3. Nf3 Be7 4. Nd5 Qc6 5. Nxe5 Qc5 6. d4 Qd6 7. Bc4 Nf6 8.
Bf4 c6 9. Nxe7 Kxe7 10. Ng6+ hxg6 11. Bxd6+ Ke8 12. Qf3 Rh5 13. e5 Rf5 14. Qh3
Nh5 15. g4 Rf4 16. O-O-O b5 17. e6 dxe6 18. gxh5 Rf6 19. d5 bxc4 20. hxg6 Rxg6
21. dxc6 Nxc6 22. Rhg1 Rh6 23. Qg2 Bb7 24. Qxg7 Rh4 25. Ba3 Rd4 26. Rxd4 Nxd4
27. Qxd4 Bd5 28. Rg8+ Kd7 29. Rxa8 Kc7 30. Rxa7+ Kc8 31. Qh8# 1-0

[Event "AUTO-INT-664"]
[Site "http://www.queenalice.com/game.php?id=293372"]
[Date "2007.10.26"]
[Round "1"]
[White "Rafazildu"]
[Black "CowboyNoel"]
[Result "0-1"]
[WhiteElo "1542"]
[BlackElo "1546"]

1. e4 e5 2. Qf3 b6 3. Bc4 Nf6 4. Ne2 Bb7 5. d3 Nc6 6. O-O Nb4 7. a3 Nxc2 8. Ra2
Bc5 9. Bg5 d5 10. exd5 Bxd5 11. Bxd5 Qxd5 12. Qf5 Nd4 13. Nxd4 Bxd4 14. b3 O-O
15. Re2 Rae8 16. Rfe1 Re6 17. Bxf6 Rxf6 18. Qg5 Qxb3 19. Re4 Bxf2+ 20. Kf1 Bh4+
21. Qxf6 Bxf6 22. Nd2 Qxd3+ 23. R4e2 Qxa3 24. Re3 Qb4 25. Nf3 c5 26. Re4 Qb5+
27. R4e2 Re8 28. h4 e4 29. Ng1 Re5 30. g4 Bxh4 0-1

[Event "AUTO-INT-664"]
[Site "http://www.queenalice.com/game.php?id=293377"]
[Date "2007.10.26"]
[Round "1"]
[White "blowupthetv"]
[Black "Rafazildu"]
[Result "1-0"]
[WhiteElo "1478"]
[BlackElo "1551"]

1. Nc3 e5 2. Nf3 d6 3. e4 Nf6 4. Bc4 Be7 5. Ng5 O-O 6. Nd5 Nxd5 7. h4 Nb6 8. Qh5
h6 9. Bxf7+ Rxf7 10. Qxf7+ Kh8 11. d3 Qf8 12. Qg6 Qg8 13. Nf7+ Qxf7 14. Qxf7 Bf6
15. Bxh6 Kh7 16. Bg5 N8d7 17. h5 Bxg5 18. Qf5+ Kg8 19. Qxg5 Nf8 20. h6 Nh7 21.
Qxg7# 1-0

[Event "Little_Link"]
[Site "http://www.queenalice.com/game.php?id=297858"]
[Date "2007.11.3"]
[Round "1"]
[White "marcelogirotto"]
[Black "Rafazildu"]
[Result "0-1"]
[WhiteElo "1302"]
[BlackElo "1523"]

1. d4 d5 2. Bf4 Nf6 3. e3 e6 4. Bd3 Nc6 5. Nf3 Be7 6. Nc3 Bd7 7. Ng5 h6 8. Nf3
g5 9. Be5 g4 10. Nh4 Rg8 11. f3 Bb4 12. a3 Bxc3+ 13. bxc3 h5 14. fxg4 Nxg4 15.
O-O Qxh4 16. h3 Nxe3 17. Qf3 Rxg2+ 18. Kh1 Nxe5 19. Qxe3 Ng4 20. Qf3 Rg3 21.
Qxf7+ Kd8 22. Rf2 Nxf2+ 0-1

[Event "Challenge"]
[Site "http://www.queenalice.com/game.php?id=300348"]
[Date "2007.11.8"]
[Round "-"]
[White "Little_Link"]
[Black "Rafazildu"]
[Result "0-1"]
[WhiteElo "1349"]
[BlackElo "1526"]

1. e4 e5 2. d3 d6 3. Nc3 Nf6 4. a4 Nc6 5. Be2 b6 6. f4 h6 7. Nd5 a6 8. c3 Nxd5
9. exd5 Nb8 10. d4 Qh4+ 11. g3 Qf6 12. Bg4 Bb7 13. fxe5 dxe5 14. a5 Bxd5 15.
Qa4+ b5 16. Qc2 exd4 17. c4 Bb4+ 18. Bd2 Bxc4 19. Bxb4 Qf1+ 20. Kd2 Qxa1 21. Qf5
Qxb2+ 22. Qc2 Qxb4+ 23. Kc1 d3 24. Qd2 Qa3+ 25. Kd1 Qa1+ 26. Qc1 Qa4+ 27. Ke1
Qc2 28. Qe3+ Kf8 29. Qc5+ Kg8 30. Qe7 d2+ 31. Kf2 d1=Q+ 32. Be2 Qd4+ 33. Kf1 Nc6
34. Qa3 Re8 35. Bxc4 Qdxc4+ 0-1

[Event "Challenge"]
[Site "http://www.queenalice.com/game.php?id=300349"]
[Date "2007.11.8"]
[Round "-"]
[White "Little_Link"]
[Black "Rafazildu"]
[Result "0-1"]
[WhiteElo "1332"]
[BlackElo "1567"]

1. Nh3 d5 2. Nc3 d4 3. Nb5 Nf6 4. c3 e5 5. cxd4 exd4 6. e3 c5 7. Qa4 Nc6 8. Nf4
a6 9. b3 Bd7 10. Na3 b5 11. Nxb5 axb5 12. Qxb5 Ra5 13. Qc4 Ne5 14. Qe2 Bb5 15.
Qd1 Ne4 16. g3 d3 17. Bh3 Bd6 18. b4 cxb4 19. a3 bxa3 20. Bd7+ Qxd7 21. O-O O-O
22. Nh5 Ba4 23. Qe1 Nf3+ 24. Kg2 Nxe1+ 25. Rxe1 Rxh5 26. f3 Qh3+ 27. Kg1 Qxh2+
28. Kf1 Qf2# 0-1

[Event "Challenge"]
[Site "http://www.queenalice.com/game.php?id=300350"]
[Date "2007.11.8"]
[Round "-"]
[White "Little_Link"]
[Black "Rafazildu"]
[Result "0-1"]
[WhiteElo "1357"]
[BlackElo "1551"]

1. Nh3 e5 2. e4 Nf6 3. Qf3 d6 4. Qb3 Be6 5. Qxb7 Nbd7 6. Ng5 Nc5 7. Bb5+ Bd7 8.
Bc4 Nxb7 9. Bxf7+ Ke7 10. Nc3 h6 11. Bd5 c6 12. Nf7 Qb6 13. Nxh8 Ng4 14. Ng6+
Kf6 15. Nxf8 Rxf8 16. Na4 Qxf2+ 17. Kd1 Nxh2 18. c4 cxd5 19. Rxh2 Qf1+ 20. Kc2
Qxc4+ 21. Nc3 d4 22. b3 Ba4 23. bxa4 dxc3 24. d3 Qxa4+ 25. Kxc3 Qd4+ 26. Kb3
Qxa1 27. Bb2 Qd1+ 28. Kc3 Rc8+ 29. Kb4 Qxd3 30. Rh3 Qxe4+ 31. Kb3 Na5+ 32. Ka3
Nc4+ 33. Kb3 Rb8+ 34. Ka4 Nxb2+ 35. Ka5 Qa4# 0-1

[Event "Challenge"]
[Site "http://www.queenalice.com/game.php?id=300351"]
[Date "2007.11.8"]
[Round "-"]
[White "Rafazildu"]
[Black "Little_Link"]
[Result "0-1"]
[WhiteElo "1524"]
[BlackElo "1355"]

1. e4 Nf6 2. d3 d5 3. e5 Nfd7 4. d4 c6 5. Nf3 e6 6. Ng5 h6 7. Nh3 c5 8. c3 f6 9.
Qh5+ g6 10. Qxg6+ Ke7 11. Be2 Qe8 12. Qxe8+ Kxe8 13. Bh5+ Kd8 14. O-O cxd4 15.
cxd4 fxe5 16. dxe5 d4 17. Nf4 Nxe5 18. Nd2 Nbc6 19. Ne4 d3 20. Bd2 Nc4 21. Bc3
e5 22. Nd5 Rg8 23. Nef6 Rg7 24. b3 Nd6 25. Rae1 e4 26. Nxe4 Rd7 27. Nef6 Rg7 28.
Be8 Ne7 29. Ba5+ b6 30. Bb4 Nxd5 31. Nxd5 a5 32. Ba3 d2 33. Re2 Ba6 34. Rxd2
Kxe8 35. Re1+ Kd7 36. Nxb6+ Kc7 37. Nxa8+ Kb7 38. Bxd6 Rd7 39. Re8 Bxd6 40. a4
Kc6 41. Rb8 Bxb8 42. Re2 Bxe2 43. g3 Bf3 44. h4 Rd1+ 45. Kh2 Rh1# 0-1

[Event "Challenge"]
[Site "http://www.queenalice.com/game.php?id=300352"]
[Date "2007.11.8"]
[Round "-"]
[White "Rafazildu"]
[Black "Little_Link"]
[Result "0-1"]
[WhiteElo "1564"]
[BlackElo "1332"]

1. e4 d5 2. Qf3 Nc6 3. exd5 Nb8 4. Bc4 Nd7 5. d6 Ne5 6. Bb5+ c6 7. Bxc6+ bxc6 8.
Qe4 exd6 9. Nh3 Nf6 10. Qe2 Be7 11. Nc3 d5 12. Qxe5 Qd6 13. Qg5 d4 14. Qxg7 Qe6+
15. Ne2 Ba6 16. d3 Rg8 17. Qh6 Rg6 18. Qf4 Rg4 19. Qf3 c5 20. Qxa8+ Qc8 21. Qf3
c4 22. Bg5 Bb7 23. Qxf6 Bxf6 24. Bxf6 Rxg2 25. Nef4 Qf5 26. Bxd4 cxd3 27. cxd3
Rg4 28. f3 Rg2 29. Rc1 Bxf3 30. Rc5 Qg4 31. Rf1 Be2 32. Nxe2 Qxe2# 0-1

[Event "Little_Link"]
[Site "http://www.queenalice.com/game.php?id=304610"]
[Date "2007.11.15"]
[Round "2"]
[White "kyuss"]
[Black "Rafazildu"]
[Result "1-0"]
[WhiteElo "1735"]
[BlackElo "1575"]

1. d4 d5 2. Nc3 Nf6 3. Nf3 e5 4. dxe5 Ng4 5. Bg5 f6 6. exf6 gxf6 7. Bf4 Bc5 8.
e3 Nc6 9. h3 Nxe3 10. fxe3 d4 11. Nxd4 Bxd4 12. Qh5+ Kf8 13. Bh6+ Ke7 14. O-O-O
Bxc3 15. Rxd8 Kxd8 16. bxc3 Rg8 17. Qd5+ 1-0